Statistics for Countries That Touch the Adriatic Sea

Click here to take the quiz!

General Stats

  • This quiz has been taken 27,735 times
  • The average score is 6 of 6

Answer Stats

Country % Correct
Italy
98%
Croatia
96%
Albania
92%
Bosnia and Herzegovina
91%
Slovenia
89%
Montenegro
87%

Score Distribution

Percentile by Number Answered

Percent of People with Each Score

Your Score History

You have not taken this quiz